Wczesnośredniowieczne włókiennictwo na Śląsku (X-XIII w.)

Titel: Wczesnośredniowieczne włókiennictwo na Śląsku (X-XIII w.) / Łukasz Antosik
Verfasser:
Veröffentlicht: Łódź; [Warszawa] : Instytut Archeologii i Etnologii Polskiej Akademii Nauk, 2025
Umfang: 315 Seiten : Illustrationen, Diagramme, Karten ; 30 cm
Format: Buch
Sprache: Polnisch; Englisch
Schlagworte:
Andere Ausgaben: Erscheint auch als Online-Ausgabe, DOI. 10.23858/Ldz/k/001
ISBN: 9788368122190 ; 8368122198
Buchumschlag
X
alg: 54145145
001A    $03004:20-01-26 
001B    $03004:16-03-26 $t11:02:44.000 
001D    $03004:20-01-26 
001U    $0utf8 
001X    $00 
002@    $0Aau 
002C    $aText $btxt $2rdacontent 
002D    $aohne Hilfsmittel zu benutzen $bn $2rdamedia 
002E    $aBand $bnc $2rdacarrier 
003@    $0541451456 
003O    $01569336902 $aOCoLC 
004A    $A978-83-68122-19-0 
004A    $083-68122-19-8 
007A    $0BV050547661 $aBVB 
010@    $apol $aeng 
010E    $erda 
011@    $a2025 $n2025 
021A    $aWczesnośredniowieczne włókiennictwo na Śląsku (X-XIII w.) $hŁukasz Antosik 
028A    $BVerfasser $4aut $8Antosik, Łukasz [Tp3] $9470827629 
033A    $pŁódź $p[Warszawa] $nInstytut Archeologii i Etnologii Polskiej Akademii Nauk 
034D    $a315 Seiten 
034I    $a30 cm 
034M    $aIllustrationen, Diagramme, Karten 
037A    $aDrugie miejsce wydania na podstawie serwisu e-ISBN 
039D    $aErscheint auch als $nOnline-Ausgabe, DOI $o10.23858/Ldz/k/001 
044K    $RPolen $RNiederschlesien $ROberschlesien $RNiederschlesien $ROberschlesien $#Schlesien $#Schlesien $#Herzogtum Schlesien $#Herzogtum Schlesien Schlesien $#Provinz Schlesien $#Śla̜sk $#Slezsko $#Silesia $74052678-1 $8Schlesien [Tg1] $9085146781 
044K    $#Textilien Herstellung $74397484-3 $8Textilherstellung [Ts1] $9088507459 
044K    $RVor- und Frühgeschichte $RBodendenkmalpflege $#Archaeology $#Archéologie $#Archeologia $#Arqueología $#archaeology $#Archäologie $#Archäologie $#Altertumskunde Archäologie $74002827-6 $8Archäologie [Tsz] $9084999233 
044K    $RVolkskultur $RIndustriekultur $RAlltagsgegenstand $#Material culture $#Culture matérielle $#Cultura materiale $#Cultura material $#Materielle Kultur $#Materielle Kultur $#Materielle Volkskultur $74051157-1 $8Sachkultur [Ts1] $908514259X 
044K    $RGewerbe $#Handicraft $#Artisanat $#handicrafts $#Handwerk $#Handwerk $#Handwerk $74023299-2 $8Handwerk [Ts1] $9085057525 
045F    $a930.109438 $eDDC23BSB 
045F/01 $a930.1 
045F/03 $g438 
045G    $a609.438509021 $eDDC23BSB 
045G/01 $a609 
045G/03 $f09021 
045G/03 $f09022 
045G/03 $g4385 
045H    $a306.09438509021 $eDDC23BSB 
045H/01 $a306.09 
045H/03 $f09021 
045H/03 $f09022 
045H/03 $g4385 
045R    $aGeschichte 901-1300 
045T    $aOST $qDE-12 $2FID 
046C    $aEarly Medieval textile production in Silesia (10th-13th century) $bTitel der englischsprachigen Zusammenfassung 
046L    $aZusammenfassung englisch 

lok: 54145145 24

exp: 54145145 24 1 #EPN
201B/01 $016-03-26 $t11:00:04.000 
201C/01 $020-01-26 
201U/01 $0utf8 
203@/01 $01332391451 
208@/01 $a16-03-26 $bz 
209A/01 $a26.00987 $du $f050 $h26 00987 $x00 
209C/01 $a26.00987 K $h26 00987 K 
209G/01 $a75176902 $x00 
220C/01 $ahae 
247C/01 $8358050-7 Marburg, Bibliothek des Herder-Instituts Marburg $9102600961 

lok: 54145145 78

exp: 54145145 78 1 #EPN
201B/01 $010-02-26 $t12:58:05.000 
201C/01 $010-02-26 
201U/01 $0utf8 
203@/01 $01335133240 
208@/01 $a10-02-26 $be 
209A/01 $a/ $f000 $x00 
209A/01 $ab*p $x01 
220C/01 $apgar 
244Z/01 $#Generalgouvernement Polen $#Polska $#Rzeczpospolita Polska $#Polska Rzeczpospolita Ludowa $#Poland $#Pologne $#République Polonaise $#Generalne Gubernatorstwo w Polsce $#Polish People's Republic $#Polska Rzeczpospolita Polen $#PRL $#RP $#Polen Generalgouvernement $#Polska Generalgouvernement $#Besetzte Polnische Gebiete $#Besetztes Gebiet in Polen $#Okupowane Polskie Obszary $#Obszary Okupowane w Polsce $#Volksrepublik Polen $#Polska Rosyjska $#Republic Polen $#Respublika Pol'ša $#Pol'skaja Narodnaja Respublika $#République de Pologne $#Polen Links der Weichsel $#Polska po Lewej Stronie Wisły $#Lenkija $#Polija $#Gubernija Carstva Pol'skago $#Republik Polen $74046496-9 $8--Tg1--Polen $x01 $9085129801 
244Z/01 $#Schlesien $#Schlesien $#Herzogtum Schlesien $#Herzogtum Schlesien Schlesien $#Provinz Schlesien $#Śla̜sk $#Slezsko $#Silesia $74052678-1 $8--Tg1--Schlesien $x02 $9085146781 
247C/01 $82080>Marburg/Lahn, Herder-Institut, Forschungsbibliothek, Bibliographieportal $9336309341
LEADER 00000cam a2200000 c 4500
001 541451456
003 DE-603
005 20260316110244.0
007 tu
008 260120s2025 xx |||| | u00||u|pol c
020 |a 9788368122190 
020 |a 8368122198 
035 |a (DE-599)BVBBV050547661 
035 |a (OCoLC)1569336902 
040 |a DE-603  |b ger  |c DE-603  |d DE-603  |e rda 
041 |a pol  |a eng 
082 0 4 |8 1\u  |a 930.109438  |q DE-101  |2 23/BSB 
083 0 |8 2\u  |a 609.438509021  |q DE-101  |2 23/BSB 
083 0 |8 3\u  |a 306.09438509021  |q DE-101  |2 23/BSB 
084 |a OST  |q DE-12  |2 fid 
085 |8 1\u  |b 930.1 
085 |8 1\u  |z 2  |s 438 
085 |8 2\u  |b 609 
085 |8 2\u  |z 1  |s 09021 
085 |8 2\u  |z 1  |s 09022 
085 |8 2\u  |z 2  |s 4385 
085 |8 3\u  |b 306.09 
085 |8 3\u  |z 1  |s 09021 
085 |8 3\u  |z 1  |s 09022 
085 |8 3\u  |z 2  |s 4385 
100 1 |a Antosik, Łukasz  |e Verfasser  |4 aut  |0 (DE-603)470827629  |0 (DE-588)1220052582  |2 gnd 
245 0 0 |a Wczesnośredniowieczne włókiennictwo na Śląsku (X-XIII w.)  |c Łukasz Antosik 
246 1 |i Titel der englischsprachigen Zusammenfassung  |a Early Medieval textile production in Silesia (10th-13th century) 
264 1 |a Łódź  |a [Warszawa]  |b Instytut Archeologii i Etnologii Polskiej Akademii Nauk  |c 2025 
300 |a 315 Seiten  |b Illustrationen, Diagramme, Karten  |c 30 cm 
336 |a Text  |b txt  |2 rdacontent 
337 |a ohne Hilfsmittel zu benutzen  |b n  |2 rdamedia 
338 |a Band  |b nc  |2 rdacarrier 
500 |a Drugie miejsce wydania na podstawie serwisu e-ISBN 
546 |a Zusammenfassung englisch 
648 7 |a Geschichte 901-1300  |2 gnd 
650 7 |a Textilherstellung  |0 (DE-588)4397484-3  |0 (DE-603)088507459  |2 gnd 
650 7 |a Archäologie  |0 (DE-588)4002827-6  |0 (DE-603)084999233  |2 gnd 
650 7 |a Sachkultur  |0 (DE-588)4051157-1  |0 (DE-603)08514259X  |2 gnd 
650 7 |a Handwerk  |0 (DE-588)4023299-2  |0 (DE-603)085057525  |2 gnd 
651 7 |a Schlesien  |0 (DE-588)4052678-1  |0 (DE-603)085146781  |2 gnd 
776 0 8 |i Erscheint auch als  |n Online-Ausgabe, DOI  |o 10.23858/Ldz/k/001 
924 0 |9 Mb 50  |a (DE-603)1332391451  |b DE-Mb50  |c HES  |d c  |g 26.00987 
924 0 |9 2080  |a (DE-603)1335133240  |b DE-2080  |c HES  |d d  |g /